სამრეწველო ფირმის ორგანიზაცია და მართვა : (ბიბ.ჩანაწერი № 59005)
[ მარტივი ფორმატი ]
| 000 -ლიდერი | |
|---|---|
| ფიქსირებული სიგრძის საკონტროლო ველი | 01408nam a22002417a 4500 |
| 003 - საკონტროლო ნომრის იდენტიფიკატორი | |
| საკონტროლო ველი | Ge_BSU |
| 005 - ბოლო ოპერაციის თარიღი და დრო | |
| საკონტროლო ველი | 20221028162134.0 |
| 008 - ფიქსირებული სიგრძის მონაცემთა ელემენტები - ზოგადი ინფორმაცია | |
| ფიქსირებული სიგრძის საკონტროლო ველი | 221028s1998 ge ||||| |||| 00| 0 geo d |
| 041 ## - ენის კოდი | |
| Language code of text/sound track or separate title | geo |
| 080 ## - უნივერსალური ათობითი კლასიფიკაციის ინდექსი | |
| Universal Decimal Classification number | 334.764 + 005.93(075.8) პ-18 |
| 100 ## - მთავარი ჩანაწერი - პიროვნების სახელი | |
| Personal name | პაპავა, გიორგი |
| 9 (RLIN) | 15649 |
| 245 ## - ცნობა სათაურის შესახებ | |
| Title | სამრეწველო ფირმის ორგანიზაცია და მართვა : |
| Remainder of title | ორტომეული. ტ. 2, შიგასაფირმო ორგანიზაცია, დაგეგმვა, მართვა და ფირმის ფუნქციონირების მახასიათებლები / |
| Statement of responsibility, etc | გიორგი პაპავა ; რედ. ი. ბაქრაძე. |
| 264 ## - წარმოების, გამოცემის, დისტრიბუციის და სხვა ცნობები | |
| გამოცემის, წარმოების, დისტრიბუციის... ადგილი | თბილისი : |
| გამოცემის, წარმოების, დისტრიბუციის... სახელწოდება | სამშობლო, |
| გამოცემის, წარმოების, დისტრიბუციის... თარიღი | 1998. |
| 300 ## - ფიზიკური აღწერა | |
| Extent | 518 გვ. : |
| Other physical details | სქ., ცხ. |
| Dimensions | 20სმ. |
| 500 ## - ზოგადი შენიშვნა | |
| General note | დანართი: გვ. 463-515. |
| 504 ## - BIBLIOGRAPHY, ETC. NOTE | |
| Bibliography, etc | ბიბლიოგრაფია: გვ. 459-462. |
| 520 ## - SUMMARY, ETC. | |
| Summary, etc | რეზ. ინგლ. და რუს. |
| 653 ## - INDEX TERM--UNCONTROLLED | |
| Uncontrolled term | სამრეწველო ფირმები |
| 653 ## - INDEX TERM--UNCONTROLLED | |
| Uncontrolled term | საწარმოების ორგანიზაცია |
| 653 ## - INDEX TERM--UNCONTROLLED | |
| Uncontrolled term | საწარმოების მართვა |
| 700 ## - ADDED ENTRY--PERSONAL NAME | |
| Personal name | ბაქრაძე, ი. |
| Relator term | რედაქტორი |
| 9 (RLIN) | 3093 |
| 942 ## - ADDED ENTRY ELEMENTS (KOHA) | |
| Source of classification or shelving scheme | |
| Koha item type | წიგნი |
არაა ხელმისაწვდომი ეგზემპლარები.
